000 02126 a2200265 4500
005 20090519095935.0
008 090519t xxu||||| |||| 00| 0 hind
010 _aB-297568-571
020 _a8181120124
_c100.00
035 _aB-297568-571
037 _bपी.एन.प्रकाशन
040 _aDPL
_bHN
082 _a821.092
100 _aशर्मा, राजेश
245 _aसुमित्रानंदन पंत /
_cराजेश शर्मा
260 _aदिल्ली
_bपी.एन.प्रकाशन
_c2007
270 _a518/6 बी, कड़कड़ी रोड, विश्वास नगर, शाहदरा
_bदिल्ली
_cदिल्ली
_e110032
300 _a88पृ
_c22 सेमी (सजिल्द)
_bसचित्र
942 _adpl
_cHN
_k/ शर्मारा
_2ddc
_h821.092
_mशर्मारा
999 _c12799
_d12799